[Event "UKR-chT 7th"]
[Site "Alushta"]
[Date "1999.04.??"]
[Round "9"]
[White "Reprintsev, Alexander"]
[Black "Struchkova, Svetlana"]
[Result "1-0"]
[WhiteElo "2470"]
[BlackElo "2310"]
[PlyCount "71"]
[EventDate "1999.04.03"]
[EventType "team-swiss"]
[EventRounds "10"]
[EventCountry "UKR"]
[SourceTitle "EXT 2019"]
[Source "ChessBase"]
[SourceDate "2018.10.10"]
[SourceVersion "1"]
[SourceVersionDate "2018.10.10"]
[SourceQuality "1"]
[WhiteTeam "Dnipro Dnipropetrovsk"]
[BlackTeam "Sevastopol"]
[WhiteTeamCountry "UKR"]
[BlackTeamCountry "UKR"]

1. e4 e5 2. f4 d5 3. exd5 exf4 4. Nf3 Nf6 5. Bb5+ c6 6. dxc6 Nxc6 7. d4 Bd6 8. Qe2+ Qe7 9. Qxe7+ Kxe7 10. 0-0 Rd8 11. c3 Kf8 12. Nbd2 Ne7 13. Bd3 Bf5 14. Bxf5 Nxf5 15. Nc4 Bc7 16. Ne1 Nd5 17. g3 Re8 18. Nd3 b5 19. Nce5 f6 20. Nd7+ Ke7 21. N7c5 Nfe3 22. Bxe3 fxe3 23. Rae1 Kd6 24. Nf4 Bb6 25. Nxd5 Kxd5 26. Rf5+ Kc4 27. Nb7 Re6 28. Nd6+ Kd3 29. Nxb5 Rd8 30. Na3 e2 31. Kf2 Rxd4 32. Rf3+ Kd2 33. Nb1+ Kc2 34. cxd4 Bxd4+ 35. Kg2 Kxb2 36. Rd3 1-0

[Event "UKR ol"]
[Site "Alushta"]
[Date "1999.??.??"]
[Round "?"]
[White "Kalinina, Vladislava"]
[Black "Struchkova, Svetlana"]
[Result "1/2-1/2"]
[WhiteElo "2199"]
[BlackElo "2310"]
[PlyCount "152"]
[EventDate "1999.05.12"]
[EventType "team"]
[EventRounds "11"]
[EventCountry "UKR"]
[SourceTitle "EXT 2001"]
[Source "ChessBase"]
[SourceDate "2000.11.22"]
[SourceVersion "1"]
[SourceVersionDate "2000.11.22"]
[SourceQuality "1"]

1. e4 e5 2. Nf3 Nc6 3. c3 f5 4. d4 fxe4 5. Nxe5 Nf6 6. Bg5 Qe7 7. Ng4 d5 8. Be2 Bxg4 9. Bxg4 Qd6 10. Bxf6 Qxf6 11. Qb3 Qd6 12. Na3 h5 13. Nb5 Qd8 14. Be6 Ne7 15. Bxd5 Nxd5 16. Qxd5 c6 17. Qe5+ Kd7 18. Qf5+ Ke8 19. Qe6+ Be7 20. Na3 Qd5 21. Qxd5 cxd5 22. Nc2 Kd7 23. 0-0 Rhf8 24. Rae1 b5 25. Ne3 Kc6 26. f3 exf3 27. Nxd5 Bd6 28. Ne7+ Kd7 29. Ng6 f2+ 30. Rxf2 Bxh2+ 31. Kf1 Rxf2+ 32. Kxf2 Bd6 33. Rh1 Rc8 34. Rxh5 b4 35. Rh3 a5 36. Re3 a4 37. cxb4 Rc4 38. Ne5+ Bxe5 39. dxe5 Rxb4 40. e6+ Ke7 41. Re2 g6 42. Kf3 g5 43. Kg3 Rd4 44. Kf2 Rf4+ 45. Ke1 Rd4 46. Re3 Rd8 47. Re4 Rb8 48. Re2 Rd8 49. Re3 Rc8 50. Kd2 Rd8+ 51. Kc3 Rc8+ 52. Kd3 Rd8+ 53. Kc2 Rc8+ 54. Kb1 Rf8 55. Re2 Rc8 56. Re5 Rc4 57. Rxg5 Kxe6 58. b3 Re4 59. Kb2 Kd6 60. Ka3 axb3 61. axb3 Kc6 62. g4 Kb6 63. Rg8 Kc6 64. g5 Rg4 65. g6 Kb6 66. g7 Kb7 67. b4 Ka7 68. Kb3 Kb7 69. Kc3 Ka7 70. Kd3 Kb7 71. Ke3 Rg1 72. Ke4 Rg4+ 73. Ke5 Rg1 74. Kd6 Rd1+ 75. Kc5 Rg1 76. Kb5 Rg5+ 1/2-1/2

[Event "Russia-chB (Women)"]
[Site "Kolontaevo"]
[Date "1998.??.??"]
[Round "?"]
[White "Kosintseva, Tatiana"]
[Black "Struchkova, Svetlana"]
[Result "0-1"]
[WhiteElo "2115"]
[BlackElo "2295"]
[PlyCount "112"]
[EventDate "1998.??.??"]
[EventType "swiss"]
[EventRounds "9"]
[EventCountry "RUS"]
[SourceTitle "EXT 2000"]
[Source "ChessBase"]
[SourceDate "1999.11.16"]
[SourceVersion "1"]
[SourceVersionDate "1999.11.16"]
[SourceQuality "1"]

1. e4 e5 2. Nf3 Nc6 3. Nc3 Nf6 4. g3 d5 5. exd5 Nxd5 6. Bg2 Nxc3 7. bxc3 Bc5 8. 0-0 0-0 9. Re1 Bg4 10. h3 Bh5 11. g4 Bg6 12. Nxe5 Nxe5 13. Rxe5 Bxf2+ 14. Kh1 Bg3 15. Re3 Qh4 16. Ba3 Rfe8 17. Qe2 f6 18. Rf1 Rxe3 19. Qxe3 Re8 20. Qxa7 Be4 21. Kg1 Bxg2 22. Kxg2 Be1 23. Rf3 h5 24. Qd4 Re2+ 25. Kh1 Rxd2 26. Qc4+ Kh8 27. Qxc7 Rd1 28. Kg2 Rd2+ 29. Kh1 hxg4 30. Qc8+ Kh7 31. Qxg4 Qxg4 32. hxg4 Rxc2 33. Bb4 Rxa2 34. Rf5 b6 35. Rd5 Rd2 36. Rb5 Bf2 37. Kg2 g5 38. Kf1 Kg6 39. Be7 Bg3 40. Rxb6 Be5 41. Bb4 Rd3 42. Kf2 Rg3 43. Bd6 Bxd6 44. Rxd6 Rxg4 45. Rc6 Rf4+ 46. Kg3 Kf5 47. Rc5+ Ke4 48. Rc8 f5 49. Re8+ Kd3 50. Rd8+ Ke3 51. Re8+ Re4 52. Rg8 Rg4+ 53. Kh3 Kf2 54. Rh8 Rg3+ 55. Kh2 g4 56. c4 Rg2+ 0-1

[Event "Russia-chB (Women)"]
[Site "Kolontaevo"]
[Date "1998.??.??"]
[Round "?"]
[White "Ryjanova, Julia"]
[Black "Struchkova, Svetlana"]
[Result "0-1"]
[WhiteElo "2295"]
[BlackElo "2295"]
[PlyCount "134"]
[EventDate "1998.??.??"]
[EventType "swiss"]
[EventRounds "9"]
[EventCountry "RUS"]
[SourceTitle "EXT 2000"]
[Source "ChessBase"]
[SourceDate "1999.11.16"]
[SourceVersion "1"]
[SourceVersionDate "1999.11.16"]
[SourceQuality "1"]

1. d4 Nf6 2. c4 c5 3. d5 b5 4. cxb5 a6 5. bxa6 g6 6. Nc3 Bxa6 7. e4 Bxf1 8. Kxf1 d6 9. g3 Bg7 10. Kg2 0-0 11. Nf3 Nbd7 12. h3 Qa5 13. Re1 Rfb8 14. Re2 Rb7 15. Qc2 Rab8 16. Nd1 Qa6 17. a4 e6 18. dxe6 fxe6 19. Ra3 d5 20. exd5 exd5 21. Bf4 Ra8 22. Nc3 Rb4 23. Ne5 Qb7 24. Kh2 c4 25. Qd2 Nc5 26. Nb5 Raxa4 27. Rxa4 Rxa4 28. Nd6 Qb6 29. Ng4 Nxg4+ 30. hxg4 Qc6 31. Re8+ Bf8 32. Bh6 Ra8 33. Rxa8 Qxa8 34. Qf4 Bxh6 35. Qxh6 Qf8 36. Qxf8+ Kxf8 37. Kg2 Nd3 38. Kf3 Nxb2 39. Ke3 Nd1+ 40. Ke2 Nc3+ 41. Kd2 Ke7 42. Nxc4 Ne4+ 43. Ke3 Nxf2 44. Ne5 Ke6 45. Kd4 Ne4 46. Nf3 Kd6 47. Ke3 Nxg3 48. Ng5 h5 49. gxh5 Nxh5 50. Kd4 Nf4 51. Ke3 Ne6 52. Nf7+ Ke7 53. Ne5 g5 54. Ng4 Kd6 55. Kd3 Kc5 56. Nf6 Nf4+ 57. Ke3 Kc4 58. Kf3 d4 59. Kg4 d3 60. Kxg5 d2 61. Ng4 Nh3+ 62. Kh4 Kd4 63. Kxh3 d1Q 64. Kh4 Qf3 65. Kg5 Ke4 66. Nf6+ Ke5 67. Ng4+ Ke6 0-1

[Event "RUS-ch (Women) sf"]
[Site "Kolontaevo"]
[Date "1997.??.??"]
[Round "?"]
[White "Malashenko, Alyona"]
[Black "Struchkova, Svetlana"]
[Result "1-0"]
[WhiteElo "2250"]
[BlackElo "2245"]
[PlyCount "74"]
[EventDate "1997.??.??"]
[EventType "swiss"]
[EventRounds "9"]
[EventCountry "RUS"]
[SourceTitle "EXT 1999"]
[Source "ChessBase"]
[SourceDate "1998.11.16"]
[SourceVersion "1"]
[SourceVersionDate "1998.11.16"]
[SourceQuality "1"]

1. e4 e5 2. Nf3 Nc6 3. d4 exd4 4. Nxd4 Bc5 5. Nxc6 Qf6 6. f4 Qxc6 7. Qf3 Ne7 8. Nc3 a6 9. Bd3 b5 10. Nd5 Bb7 11. Nxe7 Bxe7 12. 0-0 f5 13. Re1 0-0 14. Qf2 Rae8 15. Be3 fxe4 16. Bf1 b4 17. Rad1 d5 18. Rd2 Qe6 19. Red1 Bd6 20. g3 c5 21. c3 Rc8 22. Bc4 Bxf4 23. Rxd5 Bxe3 24. Qxe3 Kh8 25. Rxc5 Qb6 26. cxb4 Qxb4 27. Rxc8 Rxc8 28. Bb3 Rf8 29. Rd7 Qb5 30. Qf2 Rc8 31. Qf7 Qc5+ 32. Kg2 e3+ 33. Rxb7 Qc6+ 34. Kh3 Qh6+ 35. Kg4 e2 36. Re7 e1Q 37. Rxe1 Qxh2 1-0

[Event "St Petersburg Rudenko Memorial (Women)"]
[Site "St Petersburg"]
[Date "1996.??.??"]
[Round "1"]
[White "Nekrasova, Elena"]
[Black "Struchkova, Svetlana"]
[Result "1-0"]
[WhiteElo "2085"]
[BlackElo "2230"]
[PlyCount "131"]
[EventDate "1996.??.??"]
[EventType "swiss"]
[EventRounds "9"]
[EventCountry "RUS"]
[SourceTitle "EXT 2000"]
[Source "ChessBase"]
[SourceDate "1999.11.16"]
[SourceVersion "1"]
[SourceVersionDate "1999.11.16"]
[SourceQuality "1"]

1. e4 e5 2. Nf3 Nc6 3. d4 exd4 4. Bc4 Nf6 5. e5 d5 6. Bb5 Ne4 7. Nxd4 Bd7 8. Bxc6 bxc6 9. 0-0 Bc5 10. Be3 Qe7 11. Re1 0-0 12. f3 Ng5 13. f4 Ne4 14. Nd2 f5 15. Nxe4 fxe4 16. Qd2 Bb6 17. Nb3 Rad8 18. Kh1 Qh4 19. Nc5 Bxc5 20. Bxc5 Qxf4 21. Qxf4 Rxf4 22. Bxa7 Rf5 23. Bd4 c5 24. Bxc5 Rxe5 25. a4 Re6 26. c3 Ra6 27. a5 Bb5 28. b4 Kf7 29. Ra2 Bd3 30. Bd4 Rg6 31. Rf2+ Ke6 32. Ra1 Ba6 33. Rb1 c6 34. Kg1 Re8 35. Re1 Rg5 36. Re3 Re7 37. Rh3 h6 38. Rh4 Rf5 39. Rhf4 Rxf4 40. Rxf4 Rf7 41. Rxf7 Kxf7 42. Kf2 g5 43. Ke3 h5 44. h3 h4 45. Bb6 Ke6 46. Bd8 Kf5 47. Kd4 Bb5 48. Bc7 Bf1 49. Bh2 g4 50. Bg1 gxh3 51. gxh3 Kf4 52. Bf2 Bxh3 53. Bxh4 Bf1 54. Kc5 Bb5 55. Kb6 Ke3 56. a6 Bxa6 57. Kxa6 Kd2 58. Kb6 Kxc3 59. Be1+ Kc4 60. Kxc6 d4 61. b5 e3 62. b6 d3 63. b7 d2 64. b8Q Kd3 65. Qb5+ Kc2 66. Qe2 1-0

[Event "RUS-ch (Women)"]
[Site "Elista"]
[Date "1996.??.??"]
[Round "6"]
[White "Ovchinnikova, Julia"]
[Black "Struchkova, Svetlana"]
[Result "1/2-1/2"]
[WhiteElo "2230"]
[BlackElo "2230"]
[PlyCount "113"]
[EventDate "1996.??.??"]
[EventType "swiss"]
[EventRounds "11"]
[EventCountry "RUS"]
[SourceTitle "EXT 2000"]
[Source "ChessBase"]
[SourceDate "1999.11.16"]
[SourceVersion "1"]
[SourceVersionDate "1999.11.16"]
[SourceQuality "1"]

1. d4 Nf6 2. c4 g6 3. Nc3 d5 4. Bf4 Bg7 5. e3 0-0 6. Rc1 dxc4 7. Bxc4 c5 8. dxc5 Qa5 9. Qa4 Qxa4 10. Nxa4 Bd7 11. Nc3 Rc8 12. b4 Nc6 13. a3 b6 14. Ba6 bxc5 15. Bxc8 Rxc8 16. bxc5 Na5 17. Nge2 Rxc5 18. 0-0 g5 19. Bb8 Nb3 20. Rcd1 Ra5 21. e4 Be6 22. Rd8+ Bf8 23. Rfd1 Nc5 24. Nd4 Rxa3 25. Ncb5 Ra2 26. Bxa7 Ncxe4 27. Nxe6 fxe6 28. f3 Nd6 29. Nxd6 exd6 30. Bb8 Kf7 31. Bxd6 Bxd6 32. R8xd6 Nd5 33. g3 Re2 34. Rd7+ Kg6 35. Ra1 h5 36. Rda7 Nc3 37. Rc1 Nd5 38. Rd1 Nc3 39. Rc1 Nd5 40. Ra3 Kf5 41. Rca1 g4 42. f4 h4 43. R3a2 Re3 44. Ra3 Re2 45. R3a2 Re3 46. Kg2 hxg3 47. hxg3 Rf3 48. Ra5 Kf6 49. R1a3 Ne3+ 50. Rxe3 Rxe3 51. Rg5 Re2+ 52. Kf1 Ra2 53. Rxg4 Kf5 54. Rg5+ Ke4 55. Re5+ Kf3 56. Rxe6 Kxg3 57. Ke1 1/2-1/2

[Event "St Petersburg Rudenko Memorial (Women)"]
[Site "St Petersburg"]
[Date "1996.??.??"]
[Round "9"]
[White "Ruchieva, Natalia"]
[Black "Struchkova, Svetlana"]
[Result "1/2-1/2"]
[WhiteElo "2255"]
[BlackElo "2230"]
[PlyCount "66"]
[EventDate "1996.??.??"]
[EventType "swiss"]
[EventRounds "9"]
[EventCountry "RUS"]
[SourceTitle "EXT 2000"]
[Source "ChessBase"]
[SourceDate "1999.11.16"]
[SourceVersion "1"]
[SourceVersionDate "1999.11.16"]
[SourceQuality "1"]

1. e4 e5 2. Nf3 Nc6 3. Bb5 Bc5 4. 0-0 Nd4 5. Nxd4 Bxd4 6. c3 Bb6 7. d4 c6 8. Ba4 d6 9. Nd2 Nf6 10. Nc4 Bc7 11. dxe5 dxe5 12. Qxd8+ Kxd8 13. Bc2 Be6 14. Ne3 g6 15. b3 Bd6 16. a4 a5 17. f3 Nd7 18. Ba3 Bxa3 19. Rxa3 Kc7 20. g3 f6 21. f4 exf4 22. Rxf4 Rhf8 23. Ra1 Kd6 24. b4 axb4 25. cxb4 Ne5 26. Rff1 Ke7 27. Rfd1 Rfd8 28. Kf2 Rxd1 29. Rxd1 Rd8 30. Rxd8 Kxd8 31. h4 Ke7 32. Ke2 Kd6 33. Kd2 Ng4 1/2-1/2

[Event "RUS-ch (Women)"]
[Site "Elista"]
[Date "1996.??.??"]
[Round "8"]
[White "Stepovaia, Tatiana"]
[Black "Struchkova, Svetlana"]
[Result "1/2-1/2"]
[WhiteElo "2385"]
[BlackElo "2230"]
[PlyCount "36"]
[EventDate "1996.??.??"]
[EventType "swiss"]
[EventRounds "11"]
[EventCountry "RUS"]
[SourceTitle "EXT 2000"]
[Source "ChessBase"]
[SourceDate "1999.11.16"]
[SourceVersion "1"]
[SourceVersionDate "1999.11.16"]
[SourceQuality "1"]

1. d4 f5 2. c4 e6 3. Nc3 Nf6 4. Qc2 Bb4 5. Nf3 0-0 6. e3 b6 7. Bd2 Bb7 8. Bd3 a5 9. Rg1 Nc6 10. a3 Bxc3 11. Bxc3 Ne7 12. Nd2 d5 13. h3 Qd6 14. 0-0-0 Ne4 15. Nf3 dxc4 16. Bxc4 Bd5 17. Ne5 Bxc4 18. Nxc4 Qd5 1/2-1/2

[Event "RUS-ch (Women)"]
[Site "Elista"]
[Date "1996.??.??"]
[Round "10"]
[White "Struchkova, Svetlana"]
[Black "Demina, Julia"]
[Result "1/2-1/2"]
[WhiteElo "2230"]
[BlackElo "2355"]
[PlyCount "24"]
[EventDate "1996.??.??"]
[EventType "swiss"]
[EventRounds "11"]
[EventCountry "RUS"]
[SourceTitle "EXT 2000"]
[Source "ChessBase"]
[SourceDate "1999.11.16"]
[SourceVersion "1"]
[SourceVersionDate "1999.11.16"]
[SourceQuality "1"]

1. e4 c5 2. Nf3 Nc6 3. d4 cxd4 4. Nxd4 Nf6 5. Nc3 d6 6. Be2 e5 7. Nf3 h6 8. 0-0 Be7 9. Re1 0-0 10. h3 Be6 11. Bf1 Qa5 12. Bd2 Qd8 1/2-1/2

[Event "St Petersburg Rudenko Memorial (Women)"]
[Site "St Petersburg"]
[Date "1996.??.??"]
[Round "2"]
[White "Struchkova, Svetlana"]
[Black "Shirjaeva, Jaroslava"]
[Result "1-0"]
[WhiteElo "2230"]
[BlackElo "2140"]
[PlyCount "77"]
[EventDate "1996.??.??"]
[EventType "swiss"]
[EventRounds "9"]
[EventCountry "RUS"]
[SourceTitle "EXT 2000"]
[Source "ChessBase"]
[SourceDate "1999.11.16"]
[SourceVersion "1"]
[SourceVersionDate "1999.11.16"]
[SourceQuality "1"]

1. Nf3 c5 2. b3 Nc6 3. Bb2 d5 4. g3 Bg4 5. Bg2 e6 6. h3 Bh5 7. 0-0 Nf6 8. d3 Be7 9. Nbd2 0-0 10. e4 d4 11. g4 Bg6 12. Nc4 Qc7 13. a4 Rab8 14. Bc1 Nd7 15. Qe2 Rbe8 16. e5 f5 17. Re1 f4 18. Bd2 b6 19. Qd1 a6 20. Qc1 b5 21. axb5 axb5 22. Na3 Qb6 23. Bxf4 h6 24. Bxh6 gxh6 25. Qxh6 Kf7 26. h4 Rh8 27. Qf4+ Kg7 28. h5 Ref8 29. Qg3 Be8 30. Nb1 Nb4 31. Re2 Kh6 32. Nbd2 Nxc2 33. Ne4 Nxa1 34. g5+ Kxh5 35. Nh4 Nxe5 36. Qxe5 Qa5 37. Ng3+ Kxh4 38. Re4+ Rf4 39. Rxf4# 1-0

[Event "St Petersburg Rudenko Memorial (Women)"]
[Site "St Petersburg"]
[Date "1996.??.??"]
[Round "7"]
[White "Umanskaya, Irina"]
[Black "Struchkova, Svetlana"]
[Result "1-0"]
[WhiteElo "2320"]
[BlackElo "2230"]
[PlyCount "87"]
[EventDate "1996.??.??"]
[EventType "swiss"]
[EventRounds "9"]
[EventCountry "RUS"]
[SourceTitle "EXT 2000"]
[Source "ChessBase"]
[SourceDate "1999.11.16"]
[SourceVersion "1"]
[SourceVersionDate "1999.11.16"]
[SourceQuality "1"]

1. Nf3 f5 2. c4 Nf6 3. g3 e6 4. Bg2 Be7 5. 0-0 0-0 6. d4 d6 7. b4 a5 8. b5 Qe8 9. Bb2 Nbd7 10. Nbd2 Qh5 11. Qc2 g5 12. e4 g4 13. Ne1 e5 14. exf5 exd4 15. Nb3 Nc5 16. Nxd4 Bd7 17. Ne6 Nxe6 18. fxe6 Bxe6 19. Bxb7 Rab8 20. Bc6 d5 21. Qe2 Qf7 22. Ng2 d4 23. Rfe1 Bb4 24. Qxe6 Bxe1 25. Qxf7+ Kxf7 26. Rxe1 Rfd8 27. Rd1 Rd6 28. Ba3 Re6 29. Nf4 Re5 30. Rxd4 h5 31. Rd1 h4 32. gxh4 Rf5 33. Nd5 Ne4 34. Ne3 Nxf2 35. Rd7+ Kg6 36. Nxf5 Nh3+ 37. Kg2 Kxf5 38. Bc1 Rf8 39. Rd1 Kg6 40. Rf1 Rd8 41. Bd5 Rd7 42. Bb2 Re7 43. Rf6+ Kh7 44. Kf1 1-0

[Event "Yalta op (Women)"]
[Site "Yalta"]
[Date "1995.??.??"]
[Round "?"]
[White "Struchkova, Svetlana"]
[Black "Zatonskih, Anna"]
[Result "0-1"]
[WhiteElo "2250"]
[BlackElo "2205"]
[PlyCount "90"]
[EventDate "1995.??.??"]
[EventType "swiss"]
[EventRounds "9"]
[EventCountry "UKR"]
[SourceTitle "EXT 1997"]
[Source "ChessBase"]
[SourceDate "1996.11.15"]
[SourceVersion "1"]
[SourceVersionDate "1996.11.15"]
[SourceQuality "1"]

1. e4 e6 2. d4 d5 3. Nd2 c5 4. exd5 Qxd5 5. Ngf3 cxd4 6. Bc4 Qd6 7. 0-0 Nf6 8. Nb3 Nc6 9. Nbxd4 Nxd4 10. Nxd4 a6 11. Re1 Qc7 12. Bb3 Bd7 13. Qf3 0-0-0 14. Bf4 Bd6 15. Bxd6 Qxd6 16. Rad1 Qc7 17. Re3 Kb8 18. Rc3 Qe5 19. Bc4 Ka7 20. b4 Ba4 21. Rcd3 Rc8 22. Bb3 Bxb3 23. axb3 Qe4 24. Qg3 Ka8 25. f3 Qg6 26. Qf2 Nd5 27. Qd2 e5 28. Ne2 Qb6+ 29. Kh1 Nxb4 30. Rc3 Rcd8 31. Qe1 Rxd1 32. Qxd1 Rd8 33. Qe1 f6 34. h3 Qd6 35. Rc4 Nc6 36. Nc3 f5 37. Qa1 Kb8 38. Qa2 g5 39. b4 Nxb4 40. Qb3 Nd5 41. Na4 Ka7 42. Qb1 Ne3 43. Qg1 f4 44. Re4 Qa3 45. Kh2 Rd1 0-1

[Event "Simferopol/Alushta (Women)"]
[Site "Alushta"]
[Date "1992.??.??"]
[Round "?"]
[White "Struchkova, Svetlana"]
[Black "Schleining, Zoya"]
[Result "1/2-1/2"]
[WhiteElo "2260"]
[BlackElo "2335"]
[PlyCount "72"]
[EventDate "1992.??.??"]
[EventType "tourn"]
[EventRounds "13"]
[EventCountry "UKR"]
[SourceTitle "EXT 1997"]
[Source "ChessBase"]
[SourceDate "1996.11.15"]
[SourceVersion "1"]
[SourceVersionDate "1996.11.15"]
[SourceQuality "1"]

1. Nf3 d5 2. g3 c6 3. Bg2 Bg4 4. 0-0 Nd7 5. h3 Bh5 6. d3 e6 7. c4 Bd6 8. Nc3 Ngf6 9. cxd5 cxd5 10. e4 0-0 11. exd5 exd5 12. d4 Re8 13. g4 Bg6 14. g5 Nh5 15. Nxd5 Nb6 16. Nc3 Nf4 17. Bxf4 Bxf4 18. h4 Bh5 19. Re1 Qd7 20. Qd3 Bg6 21. Qb5 Qxb5 22. Nxb5 f6 23. gxf6 gxf6 24. Rxe8+ Bxe8 25. Nc3 Rd8 26. Rd1 Bf7 27. d5 Kf8 28. Nd4 Be5 29. Ne6+ Bxe6 30. dxe6 Rxd1+ 31. Nxd1 Ke7 32. Bxb7 Kxe6 33. Kg2 Na4 34. b3 Nc3 35. Nxc3 Bxc3 36. Kf3 h6 1/2-1/2